| 000 | 00994nam a2200253 i 4500 | ||
|---|---|---|---|
| 001 | 170669 | ||
| 003 | ES-MaACL | ||
| 005 | 20250819002059.0 | ||
| 008 | 090330s1957 sp |||| | spa d | ||
| 130 | 0 |
_aBiblia. _lEspañol _9119282 |
|
| 245 | 1 | 0 |
_aSagrada Biblia _b: versión crítica sobre los textos hebreo y griego / _cpor José María Bover y Francisco Cantera Burgos. |
| 250 |
_a4ª ed. _bnotablemente corregida y mejorada en el A. Testamento, revisada en el Nuevo por Felix Puzo. |
||
| 260 |
_aMadrid : _b[La Editorial Católica], _c1957,. |
||
| 300 |
_aXVI, 1649 p., [8] p. de mapas : _bil. ; _c20 cm. |
||
| 490 | 1 |
_aBiblioteca de autores cristianos ; _v25-26 |
|
| 500 | _a2 t. en un v. | ||
| 500 | _aCon grab. y map. | ||
| 700 | 0 |
_aBover, José María. _931120 |
|
| 700 | 0 |
_aCantera Burgos, Francisco. _934642 |
|
| 700 | 0 |
_aPuzo, Félix. _994457 |
|
| 830 | 0 | 0 |
_aBiblioteca de autores cristianos _v25-26 _9178679 |
| 852 |
_aES-MaACL _jJ-25 _9R.46092 |
||
| 999 |
_c170669 _d170669 |
||